Türkiye'de bölgesel kalkınma (Record no. 1006)

MARC details
000 -BAŞLIK
Sabit Uzunlukta Kontrol Alanı 00818na a2200265 4500
001 - KONTROL NUMARASI
Denetim Alanı 13307
003 - KONTROL NUMARASI IDENTIFIER
Denetim Alanı MIRAKIL
005 - SON İŞLEM TARİHİ VE ZAMANI
Denetim Alanı 20181213154809.0
008 - SABİT-BOY VERİ ELEMANLARI - GENEL BİLGİLER
Sabit Uzunlukta Kontrol Alanı 161011b tu 000 0
020 ## - ULUSLARARASI STANDART KİTAP NUMARASI
Uluslararası Standart Kitap Numarası 9789944017237
035 ## - SİSTEM KONTROL NUMARASI
Sistem Kontrol Numarası 13307
040 ## - KATALOGLAMA KAYNAK
Orijinal Kataloglama Ajansı Milas
Kataloglama Dili tur
Metne Dönüştürmek Ajansı TR-AnCHP
041 ## - DİL KODU
Metin / Ses Parça Veya Ayrı Başlığın Dil Kodu tur
082 ## - DEWEY ONLU SINIFLANDIRMA NUMARASI
Sınıflandırma Numarası 338.9561
Ürün Numarası F54t 2011
090 ## - SINIFLAMA NUMARASI
Sınıflama Numarası 338.9561 F54t 2011
100 ## - ANA GİRİŞ - KİŞİSEL İSİM
Kişisel Ad Filiztekin, Alpay
245 ## - BAŞLIK TABLOSU
Başlık Türkiye'de bölgesel kalkınma
Başlığın Kalan Farklılıklar, bağlantılar ve yeni bir mekanizma tasarımı
Sorumluluk Tablosu, Vb Alpay Filiztekin, Mehmet Barlo, Özgür Kıbrıs
260 ## - YAYIN, DAĞITIM, VB
Yayın, Dağıtım, Vb Yeri İstanbul
Yayıncı, Dağıtıcı, Vs Adı TÜRKONFED
Yayın, Dağıtım, Vb Tarihi 2011
300 ## - FİZİKSEL TANIM
Kapsam 144 s.
Boyutlar 30 sm.
650 ## - KONU KATMA GİRİŞ - TOPİKAL DÖNEM
Topikal Süreli Veya Coğrafi Ad Giriş Elemanı Ekonomi
Genel Alt Bölümü Bölgesel kalkınma
650 ## - KONU KATMA GİRİŞ - TOPİKAL DÖNEM
Topikal Süreli Veya Coğrafi Ad Giriş Elemanı Ekonomi politikaları
Genel Alt Bölümü Büyüme ve gelişme
700 ## - KATMA GİRİŞ - KİŞİSEL İSİM
Kişisel Ad Kıbrıs, Özgür
700 ## - KATMA GİRİŞ - KİŞİSEL İSİM
Kişisel Ad Barlo, Mehmet
942 ## - EKLENDİ GİRİŞ ELEMANLARI (KOHA)
Sınıflandırma Veya Raf Düzeni Kaynak
Koha Öğesi Türü Books
999 ## - SİSTEM KONTROL NUMARALARI (KOHA)
Koha Biblionumber 1006
Koha Biblioitemnumber 1006
Holdings
Kalıcı Konum Mevcut Konum Edinme Tarihi Edinim Kaynak Toplam Check-Out'Lar Tam Çağrı Numarası Barkod Tarih Son Görülme İtibaren Geçerli Fiyatlar Koha Öğesi Türü
CHP Kütüphanesi CHP Kütüphanesi 08/12/2016 Bağış   338.9561 F54t 2011 001119 08/12/2016 08/12/2016 Books